| 000 | 00888nam0a22002891 4500 | ||
|---|---|---|---|
| 001 | rc\119635 | ||
| 005 | 20250620190503.0 | ||
| 010 |
_a5-02-017929-9 _92000 |
||
| 010 |
_a5-02-017707-5 _91000 |
||
| 035 | _a(NLR Aleph) 005377447 | ||
| 090 |
_a7064778 _c7064778 |
||
| 100 | _a20021216d1996 |||y0rusy50 ca | ||
| 101 | 0 | _arus | |
| 102 | _aRU | ||
| 105 | _aa ||||||||| | ||
| 200 | 1 |
_aТуман над городом печальным _fМакото Сиина _g[Пер. с яп. и предисл. Г.Г. Свиридова] |
|
| 210 |
_aМ. _cИзд. фирма "Вост. лит." _d1996 |
||
| 215 |
_a157, [3] с. _cил. _d21 |
||
| 700 | 0 | _aСиина Макото | |
| 801 | 0 |
_aRU _bNLR _gpsbo |
|
| 801 | 1 |
_aRU _bELAR _2rusmarc |
|
| 852 |
_aNLR _bОЛСАА-сл-спр _j2-3949 |
||
| 852 |
_aNLR _j97-5/973 |
||
| 942 | _cBOOK | ||
| 980 | _aNB | ||
| 980 | 1 | _aSL_SPR | |